Využívání reklamy na internetu v českém prostředí

Internet ako reklamné médium v Česku. Odhady výdavkov do médií (televízia, tlač, rozhlas, out of home, internet) v Česku. Zadávatelia reklamy by mali o internete ako reklamnom médiu ešte viac premýšľať.

Guardado en:
Detalles Bibliográficos
Autor principal: Jahodová, Hana
Formato: Capítulo de libro
Lenguaje:checo
Materias:
Etiquetas: Agregar Etiqueta
Sin Etiquetas, Sea el primero en etiquetar este registro!

MARC

LEADER 00000naa$a2200000$$$4500
001 0040201
005 20231114075603.0
041 0 |a cze 
044 |a CZ 
245 1 0 |a Využívání reklamy na internetu v českém prostředí  |c Hana Jahodová 
520 |a Internet ako reklamné médium v Česku. Odhady výdavkov do médií (televízia, tlač, rozhlas, out of home, internet) v Česku. Zadávatelia reklamy by mali o internete ako reklamnom médiu ešte viac premýšľať. 
610 2 0 |a reklama 
610 2 0 |a médiá 
610 2 0 |a internet 
610 2 0 |a Česko 
610 2 0 |a výdavky 
100 1 |a Jahodová, Hana